000 00434nam a2200169Ia 4500
003 LK-CoDNM
008 010623t1989 xxu||||| |||| 00| 1 sin d
040 _aLK-CoDNM
_dLK-CoDNM
_eLK-CoDNM
041 _asin
080 _a910 Abeysi
100 _aAbeysinghe, W.A.
245 _aදේශාඨන විත්තිය
246 _aDeshatana Viththiya
260 _bGodage
_acolombo
_c1989
300 _b131p, 18 cm
942 _cBK
999 _c114371
_d114371